¿Tengo fiebre? / (Record no. 159665)

MARC details
000 -CABECERA
campo de control de longitud fija 00686nam a2200217 u 4500
005 - FECHA Y HORA DE LA ÚLTIMA TRANSACCIÓN
campo de control 20210223131902.0
008 - ELEMENTOS DE LONGITUD FIJA--INFORMACIÓN GENERAL
campo de control de longitud fija 121016s2007 ch r 000 0 spa d
020 ## - NÚMERO INTERNACIONAL NORMALIZADO PARA LIBROS
Número Internacional Estándar del Libro 9789568623173
035 ## - NÚMERO DE CONTROL DEL SISTEMA
Número de control de sistema UPN01000187562
049 ## - COLECCIÓN
Colección I
050 #4 - SIGNATURA TOPOGRÁFICA DE LA BIBLIOTECA DEL CONGRESO
Número de clasificación PZ75
Número de documento/Ítem T4.6
245 01 - MENCIÓN DE TÍTULO
Título ¿Tengo fiebre? /
Mención de responsabilidad, etc. ed. Karyna Farías Marcone ; il. Mauricio Cerecera Jara.
260 ## - PUBLICACIÓN, DISTRIBUCIÓN, ETC.
Lugar de publicación, distribución, etc. Santiago de Chile :
Nombre del editor, distribuidor, etc. Cal y Canto,
Fecha de publicación, distribución, etc. c2007.
300 ## - DESCRIPCIÓN FÍSICA
Extensión 16 p. :
Otras características físicas il. col.
440 #0 - MENCIÓN DE SERIE/ASIENTO SECUNDARIO--TÍTULO
Título Cuentos para mí
650 #4 - ASIENTO SECUNDARIO DE MATERIA - TERMINO TEMATICO
Término de materia o nombre geográfico como elemento de entrada CUENTOS INFANTILES CHILENOS
9 (RLIN) 11282
650 #4 - ASIENTO SECUNDARIO DE MATERIA - TERMINO TEMATICO
Término de materia o nombre geográfico como elemento de entrada NIÑOS -
Subdivisión general ENFERMEDADES -
Subdivisión de forma LITERATURA INFANTIL
9 (RLIN) 21848
700 1# - ASIENTO SECUNDARIO--NOMBRE DE PERSONAL
Nombre de persona Farías Marcone, Karyna,
Término indicativo de función/relación ed.
9 (RLIN) 33243
905 ## - TIPO DE MATERIAL
Tipo de material Infantil
Holdings
Estado de retiro Estado de pérdida Fuente del sistema de clasificación o colocación Estado dañado No para préstamo Código de colección Localización permanente Ubicación/localización actual Ubicación en estantería Fecha de adquisición Clasificación Código de barras Fecha visto por última vez Número de copia Tipo de ítem Koha
    Library of Congress Classification   En proceso de revisión Infantil Bib. Gregorio Torres Quintero Bib. Gregorio Torres Quintero Sala infantil Planta baja 10/05/2023 PZ75 T4.6 284838 31/12/2020 1 Libro
    Library of Congress Classification     Infantil Bib. Gregorio Torres Quintero Bib. Gregorio Torres Quintero Sala infantil Planta baja 10/05/2023 PZ75 T4.6 286113 31/12/2020 1 Libro